000 01387cam a22003737a 4500
003 CHAP
005 20220329141841.0
008 980227d1997 mx r 00110 spa d
010 _a74782
011 _a75754
035 _a85323
040 _cCHAP
090 _aTesis
100 0 0 _aCuevas Cuenca, Rafael.
_930155
245 1 0 _aResistencia de diez clones avanzados de papa al tizón tardío Phytophthora infestans (Mont.) De Barry en la zona noroeste del Estado de México
_c/por Rafael Cuevas Cuenca
260 _aChapingo, Méx. :
_bEl autor,
_c1997.
300 _a53 h.
502 _aTesis (Ing. Agr. Esp. en Parasitología Agrícola) -- UACH. Departamento de Parasitología Agrícola
590 _aALEPH
_b10
_c20130110
_lUCH01
_h1421
590 _aBATCH-UPD
_b10
_c20130110
_lUCH01
_h0657
590 _aBATCH-UPD
_b10
_c20130410
_lUCH01
_h0342
590 _aBATCH-UPD
_b10
_c20130914
_lUCH01
_h1114
590 _aCONVERSION
_b10
_c20130109
_lUCH01
_h1341
650 1 4 _aPapa
_xPlagas.
_985270
650 1 4 _aPapa
_xVariedades resistentes a plagas.
_985302
650 1 4 _aPapa
_zMéxico (Edo.).
_985306
650 1 4 _aPhytophthora infestans.
_987925
650 1 4 _aTizón tardío de la papa.
_9113451
901 _aBK
905 _aLilia Sánchez G.
942 _cFOLL
949 _bBC
_cTES
_d33724000586293
_eTS2
_fc.2
_h32347
_i85323
_si
949 _bBC
_cTES
_d853231
_eTS1
_h32346
_i85323
_sb
999 _c74782
_d74782